Draft fourth five-year plan, 1966-67 to 1970-71; Maharashtra State. (Record no. 85216)

MARC details
000 -LEADER
fixed length control field 00708cam a2200229 4500
001 - CONTROL NUMBER
control field sa 68013618
003 - CONTROL NUMBER IDENTIFIER
control field DLC
005 - DATE AND TIME OF LATEST TRANSACTION
control field 20260227112623.0
008 - FIXED-LENGTH DATA ELEMENTS--GENERAL INFORMATION
fixed length control field 691209q19001969ii 000 0 eng
010 ## - LIBRARY OF CONGRESS CONTROL NUMBER
LC control number sa 68013618
025 ## - OVERSEAS ACQUISITION NUMBER
Overseas acquisition number PL480:I-E-10674
040 ## - CATALOGING SOURCE
Original cataloging agency DLC
Transcribing agency DLC
Modifying agency DLC
050 00 - LIBRARY OF CONGRESS CALL NUMBER
Classification number HC437.M32
Item number A52
082 00 - DEWEY DECIMAL CLASSIFICATION NUMBER
Classification number 338.954/792
110 1# - MAIN ENTRY--CORPORATE NAME
Corporate name or jurisdiction name as entry element Maharashtra (India).
Subordinate unit Finance Department.
245 10 - TITLE STATEMENT
Title Draft fourth five-year plan, 1966-67 to 1970-71; Maharashtra State.
Statement of responsibility, etc. Prepared in the Planning Division, Finance Dept.
260 ## - PUBLICATION, DISTRIBUTION, ETC.
Place of publication, distribution, etc. [Bombay,
Date of publication, distribution, etc. 19
300 ## - PHYSICAL DESCRIPTION
Extent v.
Dimensions 34 cm.
500 ## - GENERAL NOTE
General note Cover title.
505 1# - FORMATTED CONTENTS NOTE
Formatted contents note v. 2. Programmes and statements.
651 #0 - SUBJECT ADDED ENTRY--GEOGRAPHIC NAME
Geographic name Maharashtra (India)
General subdivision Economic policy.

No items available.

Powered by Koha